000 00750nam a2200205Ia 4500
003 GCL
008 140319s9999 xx 000 0 ara d
040 _aGCL /
_cGCL
082 0 4 _a962.4
_bع ا
100 1 _aعبدالفتاح مقلد الغنيمى
245 1 0 _aالاسلام وحضارته فى وسط افريقيا سلطة البولالا /
_cعبدالفتاح مقلد الغنيمى
300 _a142 ص
490 _aالهيئة العامة للاستعلامات
_v0
650 0 4 _aانتشار الاسلام
650 0 4 _aالحضارة الاسلامية
650 0 4 _aالسودان - العلاقات الخارجية
650 0 4 _aالسودان - تاريخ
650 0 4 _aافريقيا الوسطى
942 _2ddc
_cBK
999 _c48499
_d48499